[Event "Krakow op-B 23rd"]
[Site "Krakow"]
[Date "2012.12.29"]
[Round "3"]
[White "Horoschavina, Oksana"]
[Black "Parol, Pawel"]
[Result "1-0"]
[WhiteElo "2063"]
[BlackElo "1984"]
[PlyCount "71"]
[EventDate "2012.12.27"]
[EventType "swiss"]
[EventRounds "9"]
[EventCountry "POL"]
[SourceTitle "CBM 152 Extra"]
[Source "ChessBase"]
[SourceDate "2013.02.25"]
[SourceVersion "1"]
[SourceVersionDate "2013.02.25"]
[SourceQuality "1"]

1. e4 e6 2. d4 d5 3. Nc3 Nf6 4. Bg5 Be7 5. e5 Nfd7 6. h4 Bxg5 7. hxg5 Qxg5 8. Nh3 Qh6 9. g3 a6 10. f4 g6 11. Qf3 Qf8 12. 0-0-0 c5 13. dxc5 Qxc5 14. Ng5 h6 15. Qd3 Qe7 16. Nxd5 Nc5 17. Qc3 exd5 18. e6 f6 19. Rxd5 b6 20. Nf7 0-0 21. f5 Bxe6 22. fxe6 Nxe6 23. Nxh6+ Kg7 24. Qd2 Ng5 25. Bc4 Re8 26. Ng4 Qe4 27. Qh2 Qxc4 28. Rxg5 Qg8 29. Qh6+ Kf7 30. Nxf6 Kxf6 31. Rf1+ Ke7 32. Rxg6 Qd5 33. Re1+ Kd7 34. Rg7+ Kd8 35. Rxe8+ Kxe8 36. Qh8+ 1-0

[Event "UKR-ch (Women)"]
[Site "Evpatoria"]
[Date "2009.05.28"]
[Round "6"]
[White "Dolzhikova, Kateryna"]
[Black "Horoschavina, Oksana"]
[Result "1-0"]
[WhiteElo "2291"]
[BlackElo "2073"]
[PlyCount "77"]
[EventDate "2009.05.23"]
[EventType "swiss"]
[EventRounds "9"]
[EventCountry "UKR"]
[SourceTitle "CBM 130 Extra"]
[Source "ChessBase"]
[SourceDate "2009.07.02"]
[SourceVersion "2"]
[SourceVersionDate "2009.07.15"]
[SourceQuality "1"]

1. e4 c5 2. Nf3 Nc6 3. Bb5 e6 4. Bxc6 bxc6 5. d3 Ne7 6. Qe2 Ng6 7. b3 e5 8. 0-0 d6 9. c3 Bg4 10. h3 Bxf3 11. Qxf3 Be7 12. Na3 0-0 13. Nc2 Nh4 14. Qe2 Bg5 15. g3 Bxc1 16. Raxc1 Ng6 17. Ne3 Ne7 18. f4 exf4 19. Rxf4 Qd7 20. Qh5 Ng6 21. Rg4 Rae8 22. Qf5 Qc7 23. d4 Re6 24. Qf3 Rfe8 25. Nf5 h5 26. Rg5 Rxe4 27. Rf1 Re1 28. Qxh5 Rxf1+ 29. Kxf1 cxd4 30. cxd4 Qb6 31. Kg2 Qa6 32. h4 Re2+ 33. Kh3 Rf2 34. Qd1 Qxa2 35. h5 Rd2 36. Qg1 Qxb3 37. hxg6 f6 38. Qe1 Qb8 39. Qe6+ 1-0